00233 a2200121 4500001000700000020001800007040001100025100001700036240002300053245001800076300000800094362000900102182722 a85-13-01098-7 cMagnum aKafka, Franz10aA metamorfoselpor10aA metamorfose a1100 a2002